Lo que vendrá en materia impositiva (Registro nro. 18315)
[ vista simple ]
| 000 -LEADER | |
|---|---|
| fixed length control field | 00352 a2200121 4500 |
| 001 - CONTROL NUMBER | |
| control field | ART_39469 |
| 005 - DATE AND TIME OF LATEST TRANSACTION | |
| control field | 20260410161736.0 |
| 008 - FIXED-LENGTH DATA ELEMENTS--GENERAL INFORMATION | |
| fixed length control field | 260409a |
| 100 1# - MAIN ENTRY--PERSONAL NAME | |
| Personal name | Llanos, Eduardo |
| 245 10 - TITLE STATEMENT | |
| Title | Lo que vendrá en materia impositiva |
| 700 1# - ADDED ENTRY--PERSONAL NAME | |
| Personal name | Asiain, Jorge |
| 773 0# - HOST ITEM ENTRY | |
| Title | Ejecutivos de finanzas |
| Related parts | - Año 8, Nº 71 (nov. 1990) |
| Record control number | REV2863 |
No hay ítems disponibles.